000
00302nam a22001337a 4500
008
171124b xxu||||| |||| 00| 0 eng d
020
_a
076092007692
041
_a
eng
080
_a
004
100
_a
35
101
_a
SHK
245
_a
CORE SERVLETS JAVA SERVER PAGES
_c
HALL.M
942
_2
udc
_c
BK
999
_c
38446
_d
38446